000 00286nam a22001337a 4500
008 170929b xxu||||| |||| 00| 0 eng d
020 _a0897873033
041 _aeng
080 _a37
100 _a47
101 _aEDU
245 _aSPEECH COMMUNICATION
_cCOOPER,P.J
942 _2udc
_cBK
999 _c30633
_d30633